| 000 | 00473cam a2200193ua 4500 | ||
|---|---|---|---|
| 020 | _c6.00 | ||
| 041 |
_amal _h |
||
| 082 |
_a922 _bDHA/SR |
||
| 100 | _aDharmanandaji, Swami . | ||
| 245 |
_aSree Narayana Gurudevan / _cSwami Dharmanandaji. _hTextual Documents |
||
| 250 |
_a1 / _b. |
||
| 260 |
_aKottayam : _bNational Book Stall , _c1965. |
||
| 300 | _a420 ; . | ||
| 365 | _a6.00 | ||
| 504 | _a | ||
| 650 | _aBiography | ||
| 942 | _cBK | ||
| 999 |
_c11319 _d11319 |
||